| 000 | 00627nam a22002057a 4500 | ||
|---|---|---|---|
| 005 | 20220718152419.0 | ||
| 008 | 220718b ||||| |||| 00| 0 eng d | ||
| 040 | _cAL | ||
| 041 | _aEnglish | ||
| 082 |
_223 _a600 _bDEVD |
||
| 100 |
_aYashwant Deva _950806 |
||
| 245 | _aDual Use Information Technology: An Indo Centric Perspective | ||
| 260 |
_aNew Delhi _bInstitute For Defence Studies and Analyses _c1996 |
||
| 300 |
_a71 p. _bPB _c23x15 cm. |
||
| 440 |
_aOccasional Paper Series _950807 |
||
| 650 |
_aInformation Technology _950808 |
||
| 650 |
_aStrategy _950809 |
||
| 700 |
_aDEVA (Yashwant) _950810 |
||
| 942 |
_2ddc _cGF |
||
| 999 |
_c223928 _d223928 |
||